Economa̕ Colombiana

Detalles Bibliográficos
Autor principal: Ortega Cr̀denas, Alfonso
Formato: eBook
Lenguaje:español
Publicado: Bogot:̀ ECOE, 2016
Edición:Quinta Edicin̤
Materias:
Acceso en línea:Acceso restringido

MARC

LEADER 00000nam a22000007a 4500
005 20180501233245.0
007 cr|||| ||||
008 180501s2016 co |||||s|||| 00||0 spa d
020 |a 978-958-771-294-0 
035 |a 21526 
040 |a vLex 
090 |c 7874  |d 7874 
100 1 |a Ortega Cr̀denas, Alfonso 
245 1 0 |a Economa̕ Colombiana  |h [Recurso electrn̤ico] /  |c Alfonso Ortega Cr̀denas 
250 |a Quinta Edicin̤ 
256 |a Servicio en ln̕ea 
260 |a Bogot:̀  |b ECOE,  |c 2016 
300 |a 1 recurso electrn̤ico 
506 1 |a Disponible solo en los productos indicados  |d vLex Global  |d vLex Global (Academic Edition, excluding Law Schools)  |d vLex Global (U.S. Academic Edition, Law Schools)  |d vLex Global (U.S. Academic Edition, excluding Law Schools)  |d vLex Global (Academic Edition, Law Schools) 
650 0 4 |a Economa̕ y negocios  |z Colombia 
740 0 |a vLex Libros (Servicio en ln̕ea) 
856 4 0 |u http://vlex.com/source/economia-colombiana-quinta-edicion-21526  |z Acceso restringido 
942 |c BOOK 
999 0 |a Economy and business